История на човешката култура (Запис номер 390026)
[ съкратено ]
| 000 -Лидер | |
|---|---|
| Контролно поле с фиксирана дължина | nam a22 7a 4500 |
| 003 - Код на организацията, давaща контролен номер | |
| Контролно поле | BLK |
| 005 - Дата и час на последна редакция | |
| Контролно поле | 20210915151003.0 |
| 008 - Елементи от данни с фиксирана дължина | |
| fixed length control field | 201014b bu ||||| |||| 00| 0 bu d |
| 040 ## - Източник на каталожния запис | |
| Идентификатор на билиотеката - собственик на записа | BLK |
| 041 ## - Код за език | |
| Код за езика на текст/звукозапис или на отделно заглавие | Български |
| Код за езика КДБФ | Български |
| 080 ## - УДК | |
| Текстов определител УДК | Цивилизация. Култура. Прогрес. История на културата вж 930.85 |
| УДК код - определител по УДК | 008 |
| УДК - код + определител | 008 |
| 100 ## - Редна дума - Автор | |
| R(LIN) | 1299 |
| Автор | Колб, Георг Фридрих |
| Авторска отговорност | първи автор |
| 245 ## - Сведения за заглавието | |
| Заглавие | История на човешката култура |
| Подзаглавни данни | С очерк на формите на държ. управл., политиката, развитието на свободата и благосътоянието на народите : [Ч.] 1 - 2 |
| Редно поле (дума) | Г. Фр. Колб ; Прев. от рус. А. П. Николаев, Д. Велков |
| Том | Ч. 1 |
| 260 ## - Област на издателските данни | |
| 9 (RLIN) | 435202 |
| Място на издаване, разпространение и проч. | Варна |
| Име на издателя, разпространителя и проч. | М. М. Тимофеев |
| Година на издаване | 1896 |
| 300 ## - Физическа характеристика | |
| Страници | 670, IV с. |
| Размери/Мащаб | 23 см |
| 380 ## - Жанр | |
| Жанр | Общ отдел |
| 490 ## - СЕРИИ (Колекции) | |
| 9 (RLIN) | 435080 |
| Име на серия | Колекция Редки и ценни издания |
| 490 ## - СЕРИИ (Колекции) | |
| 9 (RLIN) | 204496 |
| Име на серия | Библиотека за самообразование |
| 650 #0 - Допълнително описание по предмет – тема | |
| 9 (RLIN) | 250724 |
| Основно описание – тема или топоним | Цивилизация - история |
| 700 ## - Други автори (авторска отговорност) | |
| 9 (RLIN) | 966 |
| Лично име | Николаев, А. Петров |
| Автороска отговорност (Описва отношението между автора и произведението) | прев. |
| 700 ## - Други автори (авторска отговорност) | |
| 9 (RLIN) | 435206 |
| Лично име | Велков, Димитър Тодоров |
| Автороска отговорност (Описва отношението между автора и произведението) | прев. |
| 760 ## - Описание на основната серия | |
| Страници - том | 670, IV с. |
| Част - том | Ч. 1 |
| 852 ## - Местоположение | |
| Форматна сигнатура | Рб 896 |
| Фондова буква | Редки и ценни |
| 999 ## - СИСТЕМНИ КОНТРОЛНИ НОМЕРА | |
| Koha biblionumber | 390026 |
| Koha biblioitemnumber | 390026 |
| 942 ## - АРТИКУЛИ | |
| Вид на библиотечния материал | Книги |
| Скрит в OPAC | Не |
| Периодичен библиозапис | Да |
| 999 ## - СИСТЕМНИ КОНТРОЛНИ НОМЕРА | |
| Koha biblioitemnumber | 390026 |
| 999 ## - СИСТЕМНИ КОНТРОЛНИ НОМЕРА | |
| Koha biblioitemnumber | 390026 |
| 999 ## - СИСТЕМНИ КОНТРОЛНИ НОМЕРА | |
| Koha biblioitemnumber | 390026 |
| Код за отписване | Код за изгубен артикул | Източник на класификационната схема | Код за повреда | Коз за рестрикции | Код за отдаване | Артикулен № | Име на библиотеката - собственик | Име на библиотеката, в която се намира в момента | Статус (Текущо местоположение) | Дата на вписване в системата | Местоположение - отдел | Цена в лева | Инвентарен номер | Систематично азбучна сигнатура | Баркод | Цена в евро | Служебен тип на артикула |
|---|---|---|---|---|---|---|---|---|---|---|---|---|---|---|---|---|---|
| Не е изгубен | Universal Decimal Classification | Не е повреден | само за читалня | Специални фондове ( старопечатни, редки и ценни, фонд М. Арнаудов) | 803588 | Регионална библиотека "Любен Каравелов" Русе | Регионална библиотека "Любен Каравелов" Русе | Редки и ценни | 2020-10-19 | Редки и ценни | 2.50 | 17738/66 | Рб 896 | 900000036363 | 1.28 | Книги | |
| Не е изгубен | Universal Decimal Classification | Не е повреден | само за читалня | Специални фондове ( старопечатни, редки и ценни, фонд М. Арнаудов) | 853776 | Регионална библиотека "Любен Каравелов" Русе | Регионална библиотека "Любен Каравелов" Русе | Редки и ценни | 2021-09-21 | Редки и ценни | 1.34 | 8312/58 | Рб 896 | 900000078456 | 0.69 | Книги |